000 00862nam a22001935i 4500
001 178669
003 ES-MaACL
005 20230906220601.0
008 110610s1972 sp |||| | spa d
080 _a615.22
100 1 _aForn Dalmau, Javier.
_9147100
245 1 0 _aAcciones de los glucósidos cardiotónicos sobre el transporte iónico
_b: interacciones con los mineralcorticoides /
_cresumen de la tesis presentada para aspirar al grado de doctor en medicina por Javier Forn Dalmau.
260 _aBarcelona :
_bUniversidad de Barcelona, Secretariado de Publicaciones, Intercambio Científico y Extensión Universitaria :
_bIvern,
_c1972.
300 _a17 p. ;
_c24 cm.
500 _aCub. tomada como port.
650 0 4 _aGlucosidos cardiotónicos.
_9147101
710 2 _aUniversidad de Barcelona.
_97141
852 _aES-MaACL
_jE-15361 (76)
_xOlim P-1374
999 _c178669
_d178669